Online
Catalog

Populismo y contradicciones de clase en latinoamérica / (Record no. 40351)

MARC details
000 -CABECERA
campo de control de longitud fija 01158nam a2200289 a 4500
001 - NÚMERO DE CONTROL
campo de control 000040861
003 - IDENTIFICADOR DEL NÚMERO DE CONTROL
campo de control DO-SdBNP
005 - FECHA Y HORA DE LA ÚLTIMA TRANSACCIÓN
campo de control 20250529114904.0
008 - DATOS DE LONGITUD FIJA--INFORMACIÓN GENERAL
campo de control de longitud fija 130910s1977 mx a 000 0 spa d
040 ## - FUENTE DE LA CATALOGACIÓN
Centro catalogador/agencia de origen DO-SdBNP
Lengua de catalogación spa
Centro/agencia transcriptor BNPHU
082 ## - NÚMERO DE LA CLASIFICACIÓN DECIMAL DEWEY
Número de clasificación 320.98
Número de documento/Ítem G373p, 1977
100 1# - ENTRADA PRINCIPAL--NOMBRE DE PERSONA
Nombre de persona Germani, Gino
9 (RLIN) 51035
245 10 - MENCIÓN DE TÍTULO
Título Populismo y contradicciones de clase en latinoamérica /
Mención de responsabilidad, etc. Gino Germani, Torcuato S. di Tella, Octavio Ianni; selección y presentación Gino Ianni.
250 ## - MENCIÓN DE EDICIÓN
Mención de edición 2a. ed.
260 ## - PUBLICACIÓN, DISTRIBUCIÓN, ETC.
Lugar de publicación, distribución, etc. México, D.F. :
Nombre del editor, distribuidor, etc. Ediciones Era,
Fecha de publicación, distribución, etc. 1977.
300 ## - DESCRIPCIÓN FÍSICA
Extensión 150 p. :
Otras características físicas il. ;
Dimensiones 18 cm.
490 1# - MENCIÓN DE SERIE
Mención de serie Popular era
Designación de volumen o secuencia 21
505 0# - NOTA DE CONTENIDO CON FORMATO
Nota de contenido con formato Democracia representativa y clases populares /
Mención de responsabilidad Gino Germani --
Título Populismo y reformismo /
Mención de responsabilidad Torcuato S. di Tella --
Título Populismo y relaciones de clase /
Mención de responsabilidad Octavio Ianni
650 #0 - PUNTO DE ACCESO ADICIONAL DE MATERIA--TÉRMINO DE MATERIA
Término de materia o nombre geográfico como elemento de entrada Clases sociales
Subdivisión geográfica América Latina
9 (RLIN) 1062
651 #4 - PUNTO DE ACCESO ADICIONAL DE MATERIA--NOMBRE GEOGRÁFICO
Nombre geográfico América Latina
Subdivisión general Política y gobierno
9 (RLIN) 2618
651 #4 - PUNTO DE ACCESO ADICIONAL DE MATERIA--NOMBRE GEOGRÁFICO
Nombre geográfico América Latina
Subdivisión general Condiciones sociales
9 (RLIN) 5034
700 12 - PUNTO DE ACCESO ADICIONAL--NOMBRE DE PERSONA
Nombre de persona Di Tella, Torcuato S.
9 (RLIN) 67285
700 12 - PUNTO DE ACCESO ADICIONAL--NOMBRE DE PERSONA
Nombre de persona Ianni, Octavio
9 (RLIN) 67286
830 #0 - PUNTO DE ACCESO ADICIONAL DE SERIE-TÍTULO UNIFORME
Título uniforme Popular era
Número de parte o sección de la obra 21
9 (RLIN) 61641
910 ## - DATOS DE OPCIÓN DEL USUARIO (OCLC)
Datos de opción del usuario Validado. Control de calidad MFF
942 ## - ELEMENTOS DE PUNTO DE ACCESO ADICIONAL (KOHA)
Fuente del sistema de clasificación o colocación Dewey Decimal Classification
Tipo de ítem Koha Libro
Holdings
Estado de retiro Estado de pérdida Restricciones de uso No para préstamo Código de colección Localización permanente Ubicación/localización actual Ubicación en estantería Fecha de adquisición Número de inventario Total de préstamos Signatura topográfica completa Código de barras Fecha visto por última vez Precio válido a partir de Tipo de ítem Koha
      Excluido de préstamo Monografías: Libros y Folletos General General Depósito 10.09.2013 LF1   320.98 G373p, 1977 40861-10 25.06.2020 25.06.2020 No se presta

Powered by Koha